Statistics for Horrible Histories Quick Quiz

Click here to take the quiz!

General Stats

  • This quiz has been taken 208 times
  • The average score is 4 of 6

Answer Stats

QuestionAnswer% Correct
Horrible Histories is produced by which company?BBC
89%
How many series of Horrible Histories are there?8
88%
How many series are there with the original cast?5
71%
What is the Horrible Histories special that has the song 'Flame'?Blue Peter's Big Olympic Tour
65%
Who plays Oliver Cromwell?Lawry Lewin
56%
In which series was the first Savage Songs special?2
55%

Score Distribution

Percentile by Number Answered

Percent of People with Each Score

Your Score History

You have not taken this quiz